| 000 | 00387nam a22001337a 4500 | ||
|---|---|---|---|
| 082 | _a332.095957021 SBP | ||
| 100 | _aState Bank of Pakistan | ||
| 245 |
_aResearch Bulletin 2007 _cState Bank of Pakistan |
||
| 250 | _aVolume 3, No. 2 | ||
| 260 |
_aKarachi _bState Bank Printing Press _c2007 |
||
| 300 | _a235p | ||
| 942 |
_2ddc _cBK |
||
| 999 |
_c586085 _d586085 |
||